000 01134nam a22003491i 4500
999 _c845
_d845
001 020577864
003 UkOxU
005 20191223140755.0
008 160120s2016 enka j 001|0|eng|d
015 _aGBB633619
_2bnb
016 7 _a017765290
_2Uk
020 _a9781407163895 (pbk.) :
_c£5.99
035 _a(Uk)017765290
040 _aStDuBDS
_beng
_erda
_cStDuBDS
_dUk
042 _aukblsr
082 0 4 _a941 DEA
_223
100 1 _aDeary, Terry,
_eauthor.
245 1 0 _aGorgeous Georgians /
_cTerry Deary ; illustrated by Martin Brown.
264 1 _aLondon :
_bScholastic,
_c2016.
300 _a1 volume , 140 p. ;
_billustrations (black and white) ;
_c20 cm.
336 _atext
_2rdacontent
336 _astill image
_2rdacontent
337 _aunmediated
_2rdamedia
338 _avolume
_2rdacarrier
490 0 _aHorrible histories
500 _aIncludes index.
500 _aFormerly CIP.
_5Uk
651 0 _aGreat Britain
_xSocial conditions
_y18th century
_vJuvenile literature.
651 0 _aGreat Britain
_xHistory
_y1714-1837
_vJuvenile literature.
700 1 0 _aBrown, Martin,
_d1959-
_eillustrator.
942 _2ddc
_cNFIC